00688nam a2200229 a 450000100060000000300080000600500170001400800390003102000220007003500190009204000440011104100080015508200220016310000270018524500870021226000330029930000210033250400200035365000200037365100330039365100320042632493BD-RjUL20211209051838.0140426s1973 enk b 001 0 eng a0812692179 (pbk.) a(BD-RjUL)32582 aDLCcDLCdDLCdOCoLCdDLCdBD-RjULbeng aeng00a297220bLEI 19731 aLewis, Bernard,d1916-10aIslam in history :bideas, people, and events in the Middle East /cBernard Lewis. aLondon :bWatmoughs,cc1973. a349 p. ;c24 cm. aIncludes index. 0aIslamxHistory. 0aMiddle EastxHistoriography. 0aMiddle EastxHistoryy1517-